000 00291nam a22001337a 4500
003 OSt
005 20211229162316.0
008 211229b |||||||| |||| 00| 0 eng d
020 _a0130284181
040 _cHU
082 _a005.2762
245 _aPerl How to Program
942 _2ddc
_cBOOKS
_n0
999 _c25113
_d25113